Atti del Congresso Internazionale de Diritto Romano e di storia del diritto: Verona 27-28-29 de septiembre de 1948
-д хадгалсан:
| Формат: | Ном |
|---|---|
| Хэл сонгох: | итали |
| Хэвлэсэн: |
Milán
Dott. A. Giuffre
1953
|
| Цуврал: | Accademia di Agricoltura Scienze e Lettere-Verona
|
| Нөхцлүүд: | |
| Шошгууд: |
Шошго нэмэх
Шошго байхгүй, Энэхүү баримтыг шошголох эхний хүн болох!
|
MARC
| LEADER | 00000nam a2200000 a 4500 | ||
|---|---|---|---|
| 001 | UCX7162 | ||
| 003 | CL-VaPUC | ||
| 005 | 20220630123911.0 | ||
| 008 | 931130e19530000it 1 ita d | ||
| 082 | 0 | 4 | |a 340.54 |b ATT |2 21 |
| 245 | 1 | 0 | |a Atti del Congresso Internazionale de Diritto Romano e di storia del diritto: Verona 27-28-29 de septiembre de 1948 |
| 260 | |a Milán |b Dott. A. Giuffre |c 1953 | ||
| 300 | |a 4 v | ||
| 490 | 0 | |a Accademia di Agricoltura Scienze e Lettere-Verona | |
| 583 | |a last modification |c 19931130 00:00:00 |k Rodrigo Vera | ||
| 650 | 0 | 0 | |a Derecho Romano Historia |9 257631 |
| 942 | |c BK | ||
| 945 | |a nfarias |d 19931130 00:00:00 | ||
| 546 | |a En Italiano | ||
| 518 | |p Congreso Internacional de Derecho Romano, 1948 | ||
| 999 | |c 382171 |d 382169 | ||
| 952 | |0 0 |1 0 |4 0 |6 340_540000000000000_ATT_1953 |7 0 |8 DER_ROM |9 503727 |a BIBDER |b BIBDER |d 2020-01-23 |h v.1 |i 2948818 |l 1 |o 340.54 ATT 1953 |p 2948818 |r 2023-01-25 |s 2020-03-16 |w 2020-01-23 |x Ubicación 4to piso |y BK |z Este recurso debe solicitarse con anticipación |k DER | ||
| 952 | |0 0 |1 0 |4 0 |6 340_540000000000000_ATT_1953 |7 0 |8 DER_ROM |9 503728 |a BIBDER |b BIBDER |d 2020-01-23 |h v.2 |i 2948826 |l 1 |o 340.54 ATT 1953 |p 2948826 |r 2023-01-25 |s 2020-03-16 |w 2020-01-23 |x Ubicación 4to piso |y BK |z Este recurso debe solicitarse con anticipación |k DER | ||
| 952 | |0 0 |1 0 |4 0 |6 340_540000000000000_ATT_1953 |7 0 |8 DER_ROM |9 503729 |a BIBDER |b BIBDER |d 2020-01-23 |h v.3 |i 2948834 |l 1 |o 340.54 ATT 1953 |p 2948834 |r 2023-01-25 |s 2020-03-16 |w 2020-01-23 |x Ubicación 4to piso |y BK |z Este recurso debe solicitarse con anticipación |k DER | ||
| 952 | |0 0 |1 0 |4 0 |6 340_540000000000000_ATT_1953 |7 0 |8 DER_ROM |9 503730 |a BIBDER |b BIBDER |d 2020-01-23 |h v.4 |i 2948923 |l 1 |o 340.54 ATT 1953 |p 2948923 |r 2023-01-25 |s 2020-03-16 |w 2020-01-23 |x Ubicación 4to piso |y BK |z Este recurso debe solicitarse con anticipación |k DER | ||